Top50 - Najwięcej punktów w historii NBA - Statystyki

Ogólne statystyki
  • Ten quiz został rozwiązany 193 razy
  • Średni wynik to 21 z 50
Statystyki odpowiedzi
# Zawodnik NBA Punkty % Poprawnych
1 LeBron James 41.792
99%
5 Michael Jordan 32.292
94%
26 Stephen Curry 24.867
91%
4 Kobe Bryant 33.643
89%
8 Kevin Durant 30.163
86%
9 Shaquille O'Neal 28.596
83%
2 Kareem Abdul-Jabbar 38.387
82%
7 Wilt Chamberlain 31.419
76%
13 James Harden 27.084
73%
40 Larry Bird 21.791
70%
3 Karl Malone 36.928
68%
11 Moses Malone 27.409
65%
25 Jerry West 25.192
64%
21 Russell Westbrook 25.876
63%
6 Dirk Nowitzki 31.560
59%
17 Tim Duncan 26.496
58%
49 Joe Johnson 20.407
57%
34 Dwyane Wade 23.165
50%
10 Carmelo Anthony 28.289
49%
36 Chris Paul 22.801
48%
14 Hakeem Olajuwon 26.946
48%
30 Allen Iverson 24.368
46%
20 Kevin Garnett 26.071
46%
45 David Robinson 20.790
42%
29 Ray Allen 24.505
39%
31 Charles Barkley 23.757
37%
37 Damian Lillard 22.368
35%
27 Patrick Ewing 24.815
34%
18 Paul Pierce 26.397
34%
22 Vince Carter 25.728
33%
43 Pau Gasol 20.894
28%
15 Oscar Robertson 26.710
27%
24 Reggie Miller 25.279
24%
39 Gary Payton 21.813
23%
44 Bob Pettit 20.880
22%
28 DeMar DeRozan 24.748
22%
19 John Havlicek 26.395
20%
38 Clyde Drexler 22.195
19%
32 Robert Parish 23.334
19%
16 Dominique Wilkins 26.668
18%
35 Elgin Baylor 23.149
17%
12 Elvin Hayes 27.313
12%
23 Alex English 25.613
9%
46 George Gervin 20.708
9%
47 LaMarcus Aldridge 20.558
7%
48 Mitch Richmond 20.497
5%
33 Adrian Dantley 23.177
4%
41 Hal Greer 21.586
4%
50 Tom Chambers 20.049
4%
42 Walt Bellamy 20.941
2%
Nie znaleziono quizów pasujących do podanych kryteriów
Rozkład punktacji
Procent ludzi z każdym wynikiem
Percentyl według liczby udzielonych odpowiedzi
Twoja historia wyników
Nie rozwiązałeś tego quizu